[Event "Biel MTO op 52nd"]
[Site "Biel"]
[Date "2019.07.25"]
[Round "4"]
[White "Kamsky, Gata"]
[Black "Erdos, Viktor"]
[Result "1/2-1/2"]
[WhiteElo "2673"]
[BlackElo "2603"]
[PlyCount "55"]
[EventDate "2019.07.22"]
[EventType "swiss"]
[EventRounds "9"]
[EventCountry "SUI"]
[SourceTitle "CBM 191 Extra"]
[Source "ChessBase"]
[SourceDate "2019.09.30"]
[SourceVersion "1"]
[SourceVersionDate "2019.09.30"]
[SourceQuality "1"]

1. d4 Nf6 2. Nf3 g6 3. Bg5 Bg7 4. Nbd2 O-O 5. c3 d6 6. e4 c5 7. dxc5 dxc5 8. h3
Nc6 9. Bc4 Qc7 10. O-O h6 11. Be3 Rd8 12. Qc2 Na5 13. Be2 b6 14. Nb3 Nb7 15.
Nfd2 Bd7 16. a4 Bc6 17. Rfe1 e5 18. f3 Nh5 19. Nc4 Ng3 20. Bd3 Qd7 21. Nc1 Kh7
22. Bf2 Nh5 23. Bf1 Nf4 24. Bh4 f6 25. Bf2 Bf8 26. Ne2 Ne6 27. Red1 Qe8 28.
Rxd8 1/2-1/2

[Event "Biel MTO op 52nd"]
[Site "Biel"]
[Date "2019.07.26"]
[Round "5"]
[White "Petrosyan, Manuel"]
[Black "Kamsky, Gata"]
[Result "1/2-1/2"]
[WhiteElo "2592"]
[BlackElo "2673"]
[PlyCount "86"]
[EventDate "2019.07.22"]
[EventType "swiss"]
[EventRounds "9"]
[EventCountry "SUI"]
[SourceTitle "CBM 191 Extra"]
[Source "ChessBase"]
[SourceDate "2019.09.30"]
[SourceVersion "1"]
[SourceVersionDate "2019.09.30"]
[SourceQuality "1"]

1. Nf3 Nf6 2. c4 g6 3. Nc3 Bg7 4. e4 d6 5. d4 O-O 6. Be2 e5 7. O-O Na6 8. Be3
c6 9. Qc2 Ng4 10. Bg5 Qe8 11. dxe5 h6 12. Bd2 Nxe5 13. Rad1 f5 14. Nxe5 dxe5
15. exf5 Bxf5 16. Qc1 Kh7 17. Be3 Qe7 18. g4 Be6 19. Ne4 Rad8 20. Rxd8 Rxd8 21.
Rd1 b6 22. Rxd8 Qxd8 23. Qd2 Qxd2 24. Bxd2 c5 25. f3 Nb4 26. Bxb4 cxb4 27. b3
Bf8 28. Kf2 Kg7 29. Bd3 Bd7 30. h3 Be7 31. Ke2 a5 32. Bc2 h5 33. Ke3 Kh6 34.
Ke2 Kg7 35. Ke3 Kf7 36. Ke2 Bc6 37. Ke3 h4 38. Ke2 b5 39. cxb5 Bxb5+ 40. Bd3
Bd7 41. Bc4+ Kg7 42. Kd3 a4 43. Ke2 Bc6 1/2-1/2

[Event "Biel MTO op 52nd"]
[Site "Biel"]
[Date "2019.07.28"]
[Round "6"]
[White "Kamsky, Gata"]
[Black "Santos Latasa, Jaime"]
[Result "1/2-1/2"]
[WhiteElo "2673"]
[BlackElo "2594"]
[PlyCount "120"]
[EventDate "2019.07.22"]
[EventType "swiss"]
[EventRounds "9"]
[EventCountry "SUI"]
[SourceTitle "CBM 191 Extra"]
[Source "ChessBase"]
[SourceDate "2019.09.30"]
[SourceVersion "1"]
[SourceVersionDate "2019.09.30"]
[SourceQuality "1"]

1. e4 e5 2. Nc3 Nf6 3. g3 d5 4. exd5 Nxd5 5. Bg2 Nxc3 6. bxc3 Bc5 7. Ne2 Nc6 8.
O-O O-O 9. d3 Be6 10. c4 Qd7 11. Be3 Bxe3 12. fxe3 Bh3 13. Bxh3 Qxh3 14. Nc3
Qd7 15. Rb1 b6 16. Qf3 Rad8 17. g4 Ne7 18. Qe4 Qe6 19. Rf2 Nc8 20. Qf5 Nd6 21.
Qxe6 fxe6 22. a4 e4 23. Rxf8+ Kxf8 24. Kf2 exd3 25. cxd3 Ke7 26. Ke2 h6 27. Nb5
Kd7 28. Rf1 a6 29. Nd4 a5 30. h4 Re8 31. Nb5 Re7 32. Nxd6 Kxd6 33. d4 e5 34.
Kd3 exd4 35. exd4 Re6 36. g5 hxg5 37. hxg5 c5 38. Rb1 Kc7 39. dxc5 bxc5 40. Rb5
Re5 41. g6 Rg5 42. Rxa5 Kb6 43. Rb5+ Ka6 44. Ke4 Rxg6 45. Rxc5 Rg1 46. Kd5 g5
47. Kd6 g4 48. Rg5 g3 49. c5 g2 50. Kc6 Rh1 51. Rxg2 Rh6+ 52. Kd5 Rh5+ 53. Kc4
Rh4+ 54. Kb3 Rh3+ 55. Kb2 Kb7 56. Rc2 Kc6 57. a5 Kb5 58. c6 Rh8 59. Kb3 Rh3+
60. Kb2 Rh8 1/2-1/2

[Event "Vlissingen HZ op 23rd"]
[Site "Vlissingen"]
[Date "2019.08.04"]
[Round "2"]
[White "Kamsky, Gata"]
[Black "Krause, Thomas2"]
[Result "1-0"]
[WhiteElo "2673"]
[BlackElo "2062"]
[PlyCount "73"]
[EventDate "2019.08.03"]
[EventType "swiss"]
[EventRounds "9"]
[EventCountry "NED"]
[SourceTitle "CBM 191 Extra"]
[Source "ChessBase"]
[SourceDate "2019.09.30"]
[SourceVersion "1"]
[SourceVersionDate "2019.09.30"]
[SourceQuality "1"]

1. e4 d6 2. d4 Nf6 3. Nc3 g6 4. Nf3 Bg7 5. h3 O-O 6. Be3 c6 7. Bd3 Nbd7 8. O-O
Qc7 9. a4 e5 10. dxe5 Nxe5 11. Nxe5 dxe5 12. Bc4 b6 13. Qf3 Bb7 14. b4 Qe7 15.
Rab1 Rfd8 16. Rfe1 Ne8 17. Bb3 Nc7 18. Bg5 Qxg5 19. Qxf7+ Kh8 20. Qxc7 Rab8 21.
Rbd1 Rdc8 22. Qd7 Rd8 23. Qe6 Re8 24. Qg4 Qxg4 25. hxg4 Bc8 26. g5 Bf8 27. b5
Bb4 28. Re3 Bg4 29. Rdd3 Bxc3 30. Rxc3 c5 31. Rcd3 Rb7 32. Rd6 Rd7 33. Rc6 Rd1+
34. Kh2 Rd2 35. Kg3 Bc8 36. Rf3 Rd7 37. Bf7 1-0

[Event "Vlissingen HZ op 23rd"]
[Site "Vlissingen"]
[Date "2019.08.04"]
[Round "3"]
[White "Klepke, Ricardo"]
[Black "Kamsky, Gata"]
[Result "0-1"]
[WhiteElo "2267"]
[BlackElo "2673"]
[PlyCount "88"]
[EventDate "2019.08.03"]
[EventType "swiss"]
[EventRounds "9"]
[EventCountry "NED"]
[SourceTitle "CBM 191 Extra"]
[Source "ChessBase"]
[SourceDate "2019.09.30"]
[SourceVersion "1"]
[SourceVersionDate "2019.09.30"]
[SourceQuality "1"]

1. d4 Nf6 2. c4 g6 3. f3 Bg7 4. Nc3 d6 5. e4 a6 6. Be3 c6 7. Qd2 b5 8. Rc1 O-O
9. b3 Nbd7 10. Nh3 bxc4 11. bxc4 c5 12. d5 Ne5 13. Nf2 Rb8 14. Be2 Rb4 15. Ncd1
a5 16. Qc2 Ba6 17. Bd2 Rxc4 18. Bc3 Bh6 19. Rb1 Qa8 20. O-O Rc8 21. Re1 Rb4 22.
Bxb4 cxb4 23. Qb2 Nfd7 24. Bxa6 Qxa6 25. Qe2 Qb6 26. Nb2 Qc5 27. Kf1 Nb6 28. f4
Nec4 29. Nxc4 Qxc4 30. g3 Qxe2+ 31. Rxe2 Na4 32. Nd1 Bg7 33. Kf2 Bd4+ 34. Kf3
Kg7 35. Rd2 Rc4 36. Rb3 Nc5 37. Rb1 a4 38. Nb2 Rc3+ 39. Kg2 Bf6 40. Nxa4 Nxa4
41. Rxb4 Nc5 42. Re2 Ra3 43. Rc4 Nd3 44. Rc7 g5 0-1

[Event "Vlissingen HZ op 23rd"]
[Site "Vlissingen"]
[Date "2019.08.05"]
[Round "4"]
[White "Kamsky, Gata"]
[Black "Hausrath, Daniel"]
[Result "1-0"]
[WhiteElo "2673"]
[BlackElo "2467"]
[PlyCount "111"]
[EventDate "2019.08.03"]
[EventType "swiss"]
[EventRounds "9"]
[EventCountry "NED"]
[SourceTitle "CBM 191 Extra"]
[Source "ChessBase"]
[SourceDate "2019.09.30"]
[SourceVersion "1"]
[SourceVersionDate "2019.09.30"]
[SourceQuality "1"]

1. e4 d6 2. d4 Nf6 3. Nc3 e5 4. Nf3 Nbd7 5. Bc4 Be7 6. O-O O-O 7. a4 a6 8. Re1
b6 9. Nd5 Bb7 10. dxe5 dxe5 11. Nxe7+ Qxe7 12. Nd2 Nc5 13. f3 b5 14. axb5 axb5
15. Rxa8 Rxa8 16. Bf1 c6 17. Nb1 Nfd7 18. Be3 Nf8 19. Nd2 Nfe6 20. c3 h5 21.
Qc2 h4 22. b4 Na4 23. Nb3 Bc8 24. Rd1 Bd7 25. h3 Be8 26. Kh2 Qc7 27. Bf2 Qe7
28. Be3 Qc7 29. Kh1 Qe7 30. Nc1 Rc8 31. Nd3 Rd8 32. Nxe5 Rxd1 33. Qxd1 Nxc3 34.
Qe1 Na4 35. Nd3 Qf6 36. f4 Qc3 37. Qxh4 Nb2 38. f5 Nxd3 39. fxe6 Ne5 40. Qe7
Qe1 41. Qxe8+ Kh7 42. exf7 Qxf1+ 43. Kh2 Nxf7 44. Qxc6 Ne5 45. Qd5 Qf6 46. Kg1
Nc4 47. Bg5 Qa1+ 48. Kh2 Qe1 49. Qf5+ Kg8 50. Qxb5 Qxe4 51. Qb8+ Kh7 52. Qf4
Qe6 53. Qd4 Qe2 54. Bf4 Nb2 55. Bd2 Nd1 56. Bc3 1-0

[Event "Vlissingen HZ op 23rd"]
[Site "Vlissingen"]
[Date "2019.08.09"]
[Round "8"]
[White "Kamsky, Gata"]
[Black "Romanishin, Oleg M"]
[Result "1-0"]
[WhiteElo "2673"]
[BlackElo "2452"]
[PlyCount "91"]
[EventDate "2019.08.03"]
[EventType "swiss"]
[EventRounds "9"]
[EventCountry "NED"]
[SourceTitle "CBM 191 Extra"]
[Source "ChessBase"]
[SourceDate "2019.09.30"]
[SourceVersion "1"]
[SourceVersionDate "2019.09.30"]
[SourceQuality "1"]

1. d4 Nf6 2. Nf3 e6 3. Bf4 c5 4. e3 d5 5. c3 Nc6 6. Nbd2 Bd6 7. Bg3 Bxg3 8.
hxg3 Qe7 9. Ne5 Nxe5 10. dxe5 Nd7 11. Bb5 a6 12. Bxd7+ Bxd7 13. Qg4 f5 14. exf6
Qxf6 15. Nf3 O-O-O 16. Qf4 Qe7 17. g4 Rhf8 18. Qg3 h6 19. Ne5 Qf6 20. b4 Be8
21. bxc5 Rf7 22. O-O Rc7 23. c6 Bxc6 24. c4 h5 25. gxh5 Rh8 26. cxd5 exd5 27.
Qg4+ Kb8 28. Nxc6+ Rxc6 29. Rac1 Rc4 30. Rxc4 dxc4 31. Qxc4 Rxh5 32. Rd1 Rb5
33. e4 Rb2 34. Qc5 Rb5 35. Qe3 a5 36. g3 Qb6 37. Qf4+ Ka7 38. Rd6 Rb1+ 39. Kg2
Qb5 40. Qe3+ b6 41. Qd3 Ka6 42. e5 a4 43. Qc2 Qf1+ 44. Kf3 Qh1+ 45. Kg4 Rb4+
46. f4 1-0

[Event "St Petersburg Korchnoi Memorial op"]
[Site "St Petersburg"]
[Date "2019.08.14"]
[Round "1"]
[White "Kamsky, Gata"]
[Black "Arkhipov, Vladislav"]
[Result "1-0"]
[WhiteElo "2673"]
[BlackElo "2056"]
[PlyCount "55"]
[EventDate "2019.08.14"]
[EventType "swiss"]
[EventRounds "9"]
[EventCountry "RUS"]
[SourceTitle "CBM 192"]
[Source "ChessBase"]
[SourceDate "2019.10.31"]
[SourceVersion "1"]
[SourceVersionDate "2019.10.31"]
[SourceQuality "1"]

1. e4 e5 2. Nf3 Nc6 3. Bb5 a6 4. Ba4 Nf6 5. O-O Be7 6. Re1 b5 7. Bb3 d6 8. c3
O-O 9. d4 Bg4 10. d5 Na5 11. Bc2 c6 12. h3 Bc8 13. dxc6 Qc7 14. Nbd2 Qxc6 15.
Nf1 Be6 16. Ng3 Rfe8 17. a4 Qc7 18. Nh4 d5 19. exd5 Rad8 20. Nhf5 Bxd5 21.
Nxe7+ Rxe7 22. Nh5 Ne8 23. Qg4 Be6 24. Qh4 h6 25. axb5 Red7 26. Qb4 Nc4 27.
Rxa6 Rb8 28. Rc6 1-0

[Event "St Petersburg Korchnoi Memorial op"]
[Site "St Petersburg"]
[Date "2019.08.15"]
[Round "2"]
[White "Gitelson, Arkady"]
[Black "Kamsky, Gata"]
[Result "0-1"]
[WhiteElo "2233"]
[BlackElo "2673"]
[PlyCount "58"]
[EventDate "2019.08.14"]
[EventType "swiss"]
[EventRounds "9"]
[EventCountry "RUS"]
[SourceTitle "CBM 192"]
[Source "ChessBase"]
[SourceDate "2019.10.31"]
[SourceVersion "1"]
[SourceVersionDate "2019.10.31"]
[SourceQuality "1"]

1. d4 Nf6 2. Nf3 e6 3. g3 b5 4. Bg2 Bb7 5. O-O c5 6. a4 b4 7. c4 cxd4 8. Nxd4
Bxg2 9. Kxg2 Qc8 10. b3 h5 11. h4 Na6 12. Nd2 Qb7+ 13. N2f3 Nc5 14. Bb2 a6 15.
Qc2 Be7 16. Rad1 Rc8 17. Qb1 Rg8 18. Kh2 Ng4+ 19. Kg1 Ne4 20. Qd3 g5 21. Nd2 f5
22. f3 Nc5 23. Qb1 Ne3 24. hxg5 Bxg5 25. Rf2 Qc7 26. Nf1 Nxf1 27. Kxf1 Qxg3 28.
Rg2 Qh3 29. Nc2 Bh4 0-1

[Event "St Petersburg Korchnoi Memorial op"]
[Site "St Petersburg"]
[Date "2019.08.17"]
[Round "4"]
[White "Babujian, Levon"]
[Black "Kamsky, Gata"]
[Result "0-1"]
[WhiteElo "2491"]
[BlackElo "2673"]
[PlyCount "74"]
[EventDate "2019.08.14"]
[EventType "swiss"]
[EventRounds "9"]
[EventCountry "RUS"]
[SourceTitle "CBM 192"]
[Source "ChessBase"]
[SourceDate "2019.10.31"]
[SourceVersion "1"]
[SourceVersionDate "2019.10.31"]
[SourceQuality "1"]

1. d4 d5 2. c4 c6 3. Nc3 Nf6 4. Nf3 a6 5. c5 g6 6. e3 Bg7 7. Be2 O-O 8. O-O Bg4
9. b4 Nbd7 10. Bb2 Bxf3 11. Bxf3 e5 12. a4 Re8 13. Qc2 exd4 14. exd4 Nf8 15.
Bc1 Ne6 16. Be3 h5 17. b5 Ng4 18. bxc6 bxc6 19. Bxg4 hxg4 20. Ne2 f5 21. Rab1
Qf6 22. Qc1 g5 23. f3 gxf3 24. Rxf3 f4 25. h3 Nf8 26. Nxf4 gxf4 27. Rxf4 Qe6
28. Rb3 Rab8 29. Rd3 Ng6 30. Rg4 Qf5 31. Rd1 Re4 32. Rg3 Qe6 33. Bf2 Nf4 34.
Kh2 Ne2 35. Qg5 Nxg3 36. Bxg3 Rb2 37. Rf1 Ree2 0-1

[Event "St Petersburg Korchnoi Memorial op"]
[Site "St Petersburg"]
[Date "2019.08.18"]
[Round "5"]
[White "Kamsky, Gata"]
[Black "Stupak, Kirill"]
[Result "1-0"]
[WhiteElo "2673"]
[BlackElo "2561"]
[PlyCount "109"]
[EventDate "2019.08.14"]
[EventType "swiss"]
[EventRounds "9"]
[EventCountry "RUS"]
[SourceTitle "CBM 192"]
[Source "ChessBase"]
[SourceDate "2019.10.31"]
[SourceVersion "1"]
[SourceVersionDate "2019.10.31"]
[SourceQuality "1"]

1. d4 Nf6 2. Nf3 e6 3. Bf4 d5 4. e3 Bd6 5. Bg3 O-O 6. c4 b6 7. Nc3 Bb7 8. Rc1
a6 9. cxd5 exd5 10. Qb3 Qe7 11. Ne5 Nbd7 12. Nxd7 Qxd7 13. Be2 Rfe8 14. O-O
Bxg3 15. hxg3 Ne4 16. Nxe4 Rxe4 17. Rc3 Re7 18. Rfc1 Qd6 19. Qc2 c6 20. Qf5 a5
21. Qf4 Qd8 22. Bd3 g6 23. g4 Qb8 24. Qxb8+ Rxb8 25. Rb3 Ba8 26. Kh2 f6 27. Kg3
Kf7 28. Rbc3 Rd8 29. a3 Ke6 30. b4 axb4 31. axb4 Kd6 32. Ra3 Bb7 33. Rca1 Rdd7
34. Ra7 Rc7 35. Ba6 Bxa6 36. R7xa6 Rb7 37. Ra8 Rf7 38. R1a6 Rfe7 39. Rf8 Ke6
40. Kf4 g5+ 41. Kf3 Rf7 42. Rg8 Rfc7 43. Rh8 Re7 44. Ke2 Kd7 45. g3 Kd6 46. Rf8
Ke6 47. f4 Rf7 48. f5+ Ke7 49. Rh8 Kd7 50. Kf3 Kc7 51. Re8 Kd7 52. Raa8 Kc7 53.
Rac8+ Kd7 54. Rcd8+ Kc7 55. Rf8 1-0

[Event "St Petersburg Korchnoi Memorial op"]
[Site "St Petersburg"]
[Date "2019.08.19"]
[Round "6"]
[White "Chigaev, Maksim"]
[Black "Kamsky, Gata"]
[Result "1/2-1/2"]
[WhiteElo "2643"]
[BlackElo "2673"]
[PlyCount "67"]
[EventDate "2019.08.14"]
[EventType "swiss"]
[EventRounds "9"]
[EventCountry "RUS"]
[SourceTitle "CBM 192"]
[Source "ChessBase"]
[SourceDate "2019.10.31"]
[SourceVersion "1"]
[SourceVersionDate "2019.10.31"]
[SourceQuality "1"]

1. e4 b6 2. g3 Bb7 3. Bg2 e6 4. d3 g6 5. f4 Bg7 6. Qe2 c5 7. Nf3 Ne7 8. Nc3
Nbc6 9. Bd2 d6 10. O-O-O Nd4 11. Qf2 Qd7 12. Kb1 O-O-O 13. Rhe1 Nec6 14. Nxd4
Nxd4 15. Be3 Rhe8 16. Ne2 Nxe2 17. Qxe2 Kb8 18. Qf2 f5 19. c3 d5 20. exf5 exf5
21. d4 c4 22. Bd2 Rxe1 23. Rxe1 Re8 24. Rxe8+ Qxe8 25. Qe3 Qxe3 26. Bxe3 h5 27.
h4 b5 28. b4 a6 29. a3 Bf6 30. Bf3 Bg7 31. Bg2 Bf6 32. Bf3 Bg7 33. Bg2 Bf6 34.
Bf3 1/2-1/2

[Event "St Petersburg Korchnoi Memorial op"]
[Site "St Petersburg"]
[Date "2019.08.20"]
[Round "7"]
[White "Kamsky, Gata"]
[Black "Yatzenko, Anton"]
[Result "1/2-1/2"]
[WhiteElo "2673"]
[BlackElo "2360"]
[PlyCount "70"]
[EventDate "2019.08.14"]
[EventType "swiss"]
[EventRounds "9"]
[EventCountry "RUS"]
[SourceTitle "CBM 192"]
[Source "ChessBase"]
[SourceDate "2019.10.31"]
[SourceVersion "1"]
[SourceVersionDate "2019.10.31"]
[SourceQuality "1"]

1. e4 e5 2. Nf3 Nc6 3. Bb5 Nf6 4. O-O Nxe4 5. d4 Nd6 6. Bxc6 dxc6 7. dxe5 Nf5
8. Qxd8+ Kxd8 9. Rd1+ Ke8 10. Nc3 Be7 11. h3 h5 12. Bf4 Be6 13. b3 Rd8 14. g3
b6 15. Kg2 Rd7 16. Rxd7 Kxd7 17. Rd1+ Kc8 18. Ng5 Bxg5 19. Bxg5 c5 20. Ne2 Bd7
21. g4 hxg4 22. hxg4 Nh6 23. Bxh6 gxh6 24. f3 Re8 25. Rh1 Rxe5 26. Kf2 Re6 27.
Ng3 Rf6 28. Ne4 Rg6 29. Rh5 c4 30. b4 Kd8 31. Ke3 Ke7 32. Ng3 Re6+ 33. Kd4 Rf6
34. Ke3 Re6+ 35. Kd4 Rf6 1/2-1/2

[Event "St Petersburg Korchnoi Memorial op"]
[Site "St Petersburg"]
[Date "2019.08.21"]
[Round "8"]
[White "Vokhidov, Shamsiddin"]
[Black "Kamsky, Gata"]
[Result "1/2-1/2"]
[WhiteElo "2512"]
[BlackElo "2673"]
[PlyCount "85"]
[EventDate "2019.08.14"]
[EventType "swiss"]
[EventRounds "9"]
[EventCountry "RUS"]
[SourceTitle "CBM 192"]
[Source "ChessBase"]
[SourceDate "2019.10.31"]
[SourceVersion "1"]
[SourceVersionDate "2019.10.31"]
[SourceQuality "1"]

1. e4 c5 2. Nf3 Nc6 3. Bb5 g6 4. O-O Bg7 5. Re1 Nf6 6. e5 Nd5 7. Nc3 Nc7 8.
Bxc6 dxc6 9. Ne4 b6 10. Nf6+ Kf8 11. Ne4 h6 12. d3 Bg4 13. h3 Be6 14. b3 Kg8
15. Bb2 Kh7 16. d4 cxd4 17. Nxd4 Bd5 18. Qg4 c5 19. Nf3 Qc8 20. Qh4 Re8 21.
Rad1 Qb7 22. c4 Bxe4 23. Ng5+ Kg8 24. Qxe4 Qxe4 25. Nxe4 Red8 26. f4 Ne6 27. g3
h5 28. h4 Kf8 29. Kf2 Ke8 30. Nc3 Rxd1 31. Rxd1 Rd8 32. Nd5 Rd7 33. Kf3 Nd8 34.
a3 e6 35. Nc3 Rxd1 36. Nxd1 Nc6 37. Bc3 Bf8 38. Nf2 Be7 39. Nd3 Kd7 40. Ke4 a6
41. a4 Kc7 42. Nf2 Kd7 43. Kd3 1/2-1/2

[Event "Chess24 Banter Blitz Cup"]
[Site "chess24.com INT"]
[Date "2019.11.06"]
[Round "1.1"]
[White "Kamsky, Gata"]
[Black "Vega Gutierrez, Sabrina Neide"]
[Result "1-0"]
[WhiteElo "2685"]
[BlackElo "2395"]
[PlyCount "127"]
[EventDate "2019.09.25"]
[EventType "k.o. (blitz)"]
[EventRounds "7"]
[EventCountry "USA"]
[SourceTitle "CBM 192 Extra"]
[Source "Chessbase"]
[SourceDate "2019.11.06"]
[SourceVersion "1"]
[SourceVersionDate "2019.11.06"]
[SourceQuality "1"]

1. d4 d5 2. Bf4 c5 3. e3 Nc6 4. c3 Qb6 5. Qb3 c4 6. Qc2 e5 7. dxe5 Bf5 8. Qc1
g5 9. Bg3 h5 10. h3 Nh6 11. Nf3 Bg7 12. Nbd2 h4 13. Bh2 g4 14. hxg4 Nxg4 15.
Nd4 Bg6 16. N2f3 Ncxe5 17. Nxe5 Bxe5 18. Bxe5 Nxe5 19. Qd2 O-O-O 20. b3 Kb8 21.
bxc4 dxc4 22. a4 Qc5 23. f3 Bd3 24. f4 Ng4 25. Bxd3 cxd3 26. Qxd3 Rde8 27. Rh3
Qd5 28. Kf1 Re4 29. Rd1 Rc8 30. Nb5 Qe6 31. Qd6+ Qxd6 32. Nxd6 Rd8 33. Nxe4
Rxd1+ 34. Ke2 Rg1 35. Rxh4 f5 36. Nd6 Rxg2+ 37. Kd3 Nf2+ 38. Kd4 Nd1 39. Nxf5
Rd2+ 40. Ke5 Nxc3 41. e4 Re2 42. Nd6 Kc7 43. f5 Nxa4 44. Rh7+ Kc6 45. Nxb7 Nb6
46. Nd8+ Kc5 47. Rc7+ Kb5 48. f6 Nc4+ 49. Kd5 Rd2+ 50. Ke6 Rxd8 51. f7 Rb8 52.
Ke7 a5 53. f8=Q Rxf8 54. Kxf8 Nd6 55. e5 Nf5 56. e6 a4 57. Ra7 Kb4 58. Kf7 a3
59. Kf6 Nd6 60. Ke5 Nb5 61. Ra8 Nc3 62. e7 Na4 63. e8=Q a2 64. Qxa4+ 1-0

[Event "Chess24 Banter Blitz Cup"]
[Site "chess24.com INT"]
[Date "2019.11.06"]
[Round "1.2"]
[White "Vega Gutierrez, Sabrina Neide"]
[Black "Kamsky, Gata"]
[Result "0-1"]
[WhiteElo "2395"]
[BlackElo "2685"]
[PlyCount "98"]
[EventDate "2019.09.25"]
[EventType "k.o. (blitz)"]
[EventRounds "7"]
[EventCountry "USA"]
[SourceTitle "CBM 192 Extra"]
[Source "Chessbase"]
[SourceDate "2019.11.06"]
[SourceVersion "1"]
[SourceVersionDate "2019.11.06"]
[SourceQuality "1"]

1. e4 c5 2. Nf3 e6 3. d4 cxd4 4. Nxd4 a6 5. Be2 b5 6. a4 b4 7. O-O Bb7 8. Nd2
Nc6 9. c3 Nxd4 10. cxd4 Nf6 11. Bd3 Be7 12. Qe2 d6 13. a5 O-O 14. Nc4 d5 15.
exd5 Qxd5 16. Ne3 Qxd4 17. Rd1 Qh4 18. Bd2 Rfd8 19. Be1 Bd6 20. h3 Qf4 21. g3
Qf3 22. Qxf3 Bxf3 23. Rd2 h5 24. h4 Ne4 25. Bxe4 Bxe4 26. Nc4 Bc5 27. Rad1 Rxd2
28. Rxd2 Rc8 29. b3 Bd5 30. Nb6 Bxb6 31. axb6 Rb8 32. Rd4 a5 33. Rd3 Rxb6 34.
Bd2 Rc6 35. Be3 f6 36. Kf1 Kf7 37. Ke1 Rc2 38. Bb6 Ra2 39. Rd2 Ra3 40. Rb2 Bxb3
41. Bxa5 Rxa5 42. Rxb3 Rb5 43. Kd2 e5 44. Kd3 Ke6 45. Kc4 Rb8 46. f3 Kf5 47.
Kd3 g5 48. Ke3 gxh4 49. gxh4 Rb5 0-1

[Event "Chess24 Banter Blitz Cup"]
[Site "chess24.com INT"]
[Date "2019.11.06"]
[Round "1.3"]
[White "Kamsky, Gata"]
[Black "Vega Gutierrez, Sabrina Neide"]
[Result "1-0"]
[WhiteElo "2685"]
[BlackElo "2395"]
[PlyCount "33"]
[EventDate "2019.09.25"]
[EventType "k.o. (blitz)"]
[EventRounds "7"]
[EventCountry "USA"]
[SourceTitle "CBM 192 Extra"]
[Source "Chessbase"]
[SourceDate "2019.11.06"]
[SourceVersion "1"]
[SourceVersionDate "2019.11.06"]
[SourceQuality "1"]

1. d4 d5 2. Bf4 c5 3. e3 Nc6 4. Nf3 Nf6 5. Nbd2 Bf5 6. c3 Qb6 7. dxc5 Qxb2 8.
Nd4 Bg6 9. Bb5 Rc8 10. O-O Nd7 11. Nxc6 bxc6 12. Ba6 Ra8 13. Nb3 e5 14. Bb7 Rd8
15. Bg3 Nb8 16. Bxe5 Bc2 17. Qd2 1-0

[Event "Chess24 Banter Blitz Cup"]
[Site "chess24.com INT"]
[Date "2019.11.06"]
[Round "1.4"]
[White "Vega Gutierrez, Sabrina Neide"]
[Black "Kamsky, Gata"]
[Result "0-1"]
[WhiteElo "2395"]
[BlackElo "2685"]
[PlyCount "56"]
[EventDate "2019.09.25"]
[EventType "k.o. (blitz)"]
[EventRounds "7"]
[EventCountry "USA"]
[SourceTitle "CBM 192 Extra"]
[Source "Chessbase"]
[SourceDate "2019.11.06"]
[SourceVersion "1"]
[SourceVersionDate "2019.11.06"]
[SourceQuality "1"]

1. Nf3 d5 2. e3 c6 3. c4 Nf6 4. Nc3 a6 5. b3 g6 6. Bb2 Bg7 7. Be2 O-O 8. d4 Bg4
9. O-O e6 10. h3 Bxf3 11. Bxf3 Nbd7 12. Ba3 Re8 13. Bd6 Nb6 14. c5 Nbd7 15. b4
e5 16. a4 Bf8 17. dxe5 Nxe5 18. Bxf8 Kxf8 19. Be2 a5 20. b5 Qe7 21. Qd4 Ned7
22. Rfc1 Kg8 23. Rab1 Nf8 24. bxc6 bxc6 25. Rb6 Ne6 26. Qh4 Rac8 27. Ra6 Qd8
28. Bd3 Nxc5 0-1

[Event "Chess24 Banter Blitz Cup"]
[Site "chess24.com INT"]
[Date "2019.11.06"]
[Round "1.5"]
[White "Kamsky, Gata"]
[Black "Vega Gutierrez, Sabrina Neide"]
[Result "1-0"]
[WhiteElo "2685"]
[BlackElo "2395"]
[PlyCount "57"]
[EventDate "2019.09.25"]
[EventType "k.o. (blitz)"]
[EventRounds "7"]
[EventCountry "USA"]
[SourceTitle "CBM 192 Extra"]
[Source "Chessbase"]
[SourceDate "2019.11.06"]
[SourceVersion "1"]
[SourceVersionDate "2019.11.06"]
[SourceQuality "1"]

1. d4 d5 2. Nf3 Nf6 3. Bf4 c5 4. e3 Nc6 5. Nbd2 Bf5 6. dxc5 e6 7. Nd4 Bg6 8.
Bb5 Rc8 9. b4 Be7 10. Nxc6 bxc6 11. Ba6 Nh5 12. Bxc8 Qxc8 13. Be5 f6 14. Bd6
Bxd6 15. cxd6 f5 16. f4 Qb8 17. c3 Qxd6 18. Nf3 Nf6 19. Qd4 Qc7 20. Ne5 Ne4 21.
O-O O-O 22. c4 dxc4 23. Qxc4 Re8 24. Rfd1 Bh5 25. Rd7 Qb6 26. Qd4 Qa6 27. Nc4
Nf6 28. Rxa7 Qb5 29. Nd6 1-0

[Event "Chess24 Banter Blitz Cup"]
[Site "chess24.com INT"]
[Date "2019.11.06"]
[Round "1.6"]
[White "Vega Gutierrez, Sabrina Neide"]
[Black "Kamsky, Gata"]
[Result "0-1"]
[WhiteElo "2395"]
[BlackElo "2685"]
[PlyCount "70"]
[EventDate "2019.09.25"]
[EventType "k.o. (blitz)"]
[EventRounds "7"]
[EventCountry "USA"]
[SourceTitle "CBM 192 Extra"]
[Source "Chessbase"]
[SourceDate "2019.11.06"]
[SourceVersion "1"]
[SourceVersionDate "2019.11.06"]
[SourceQuality "1"]

1. e4 b6 2. d4 Bb7 3. Bd3 g6 4. Nc3 Bg7 5. Nf3 e6 6. O-O d6 7. Re1 Nd7 8. h4 h6
9. a4 a6 10. Be3 Ngf6 11. e5 Bxf3 12. Qxf3 dxe5 13. Rad1 O-O 14. Qh3 exd4 15.
Bxd4 Qe7 16. Be2 Nc5 17. Bf3 Rad8 18. Be5 Rxd1 19. Rxd1 Rd8 20. Re1 Ne8 21. h5
g5 22. Qg3 Bxe5 23. Qxe5 Qf6 24. Qe3 a5 25. Nb5 Qxb2 26. c3 Qd2 27. Qe5 Qf4 28.
Qxf4 gxf4 29. Bc6 Nf6 30. f3 Nxh5 31. Be4 Ng3 32. Nxc7 Nxa4 33. Nb5 Rd2 34. Nd4
Nxc3 35. Bb7 a4 0-1

[Event "Chess24 Banter Blitz Cup"]
[Site "chess24.com INT"]
[Date "2019.11.06"]
[Round "1.7"]
[White "Kamsky, Gata"]
[Black "Vega Gutierrez, Sabrina Neide"]
[Result "1-0"]
[WhiteElo "2685"]
[BlackElo "2395"]
[PlyCount "107"]
[EventDate "2019.09.25"]
[EventType "k.o. (blitz)"]
[EventRounds "7"]
[EventCountry "USA"]
[SourceTitle "CBM 192 Extra"]
[Source "Chessbase"]
[SourceDate "2019.11.06"]
[SourceVersion "1"]
[SourceVersionDate "2019.11.06"]
[SourceQuality "1"]

1. d4 d5 2. Nf3 Nf6 3. Bf4 c5 4. e3 Nc6 5. Nbd2 e6 6. c3 Bd6 7. Bg3 O-O 8. Bb5
Qc7 9. dxc5 Bxg3 10. hxg3 a6 11. Bd3 e5 12. e4 d4 13. cxd4 exd4 14. a3 Re8 15.
Qc2 g6 16. O-O-O Bg4 17. Nc4 Nd7 18. Nd6 Rf8 19. Kb1 Rad8 20. Rc1 Nxc5 21. Qxc5
Qxd6 22. Qg5 Bxf3 23. gxf3 Ne5 24. Qh6 Rfe8 25. Qxh7+ Kf8 26. Qh8+ Ke7 27. Qh4+
Kf8 28. Rcd1 Nxf3 29. Qh6+ Ke7 30. Be2 Qf6 31. Qf4 Ne5 32. Qxf6+ Kxf6 33. f4
Nc6 34. e5+ Kg7 35. Bf3 Na5 36. Rd3 b5 37. Rhd1 Nc4 38. Rxd4 Rc8 39. Bb7 Rb8
40. Bxa6 Rb6 41. Bxb5 Nxa3+ 42. bxa3 Rxb5+ 43. Rb4 Rc5 44. Kb2 Rec8 45. Rd3
Rc2+ 46. Kb3 Rg2 47. a4 Rcc2 48. Rb5 Rb2+ 49. Kc4 Rgc2+ 50. Rc3 Ra2 51. Rxc2
Rxc2+ 52. Kd5 Rg2 53. Rb3 Rxg3 54. Rxg3 1-0